000 00577nam a2200241Ia 4500
003 OSt
005 20220918173948.0
006 a|||||r|||| 00| 0
007 ta
008 220917b |||||||| |||| 00| 0 eng d
024 _a9,511
037 _cTextual
040 _aARTS
_cARTS
_beng
041 _2eng
_aeng
082 _a2:555, H3 (2D)
110 _aALA
_948604
245 0 _aRules for filling catalog cards
260 _c1943
650 _aLIBRARY SCIENCE
700 _aALA
_948605
942 _h2:555, H3 (2D)
_cTEXL
_2CC
999 _c151151
_d151151